[Event "Titled Tuesday intern op 11th Mar Early"]
[Site "Chess.com INT"]
[Date "2025.03.11"]
[Round "2"]
[White "Hasangatin, Ramil"]
[Black "Meruga, Shanmukha R"]
[Result "1-0"]
[WhiteElo "2444"]
[BlackElo "1985"]
[PlyCount "123"]
[EventDate "2025.03.11"]
[EventType "swiss (blitz)"]
[EventRounds "11"]
[EventCountry "USA"]
[SourceTitle "CB12_2025"]
[SourceDate "2025.03.19"]
[SourceVersion "1"]
[SourceVersionDate "2025.03.19"]
[SourceQuality "1"]

1. e4 e6 2. d3 b6 3. Nf3 Bb7 4. g3 Nf6 5. Bg2 c5 6. 0-0 Nc6 7. Re1 d5 8. e5 Nd7 9. Qe2 Be7 10. c4 d4 11. h4 h6 12. Nbd2 Qc7 13. Nf1 a5 14. N1h2 a4 15. Ng4 0-0-0 16. Rb1 g5 17. hxg5 hxg5 18. Bxg5 Rdg8 19. Nf6 Rxg5 20. Nxg5 Ndxe5 21. Nge4 Nb4 22. Rbd1 Qc6 23. f4 Bxf6 24. Nxf6 Qxg2+ 25. Qxg2 Bxg2 26. Kxg2 Nexd3 27. Rh1 Rd8 28. a3 Nxb2 29. axb4 Nxd1 30. Rxd1 cxb4 31. Ne4 b3 32. Nd2 b2 33. Nb1 Kc7 34. Rd2 Kc6 35. Rxb2 Kc5 36. Nd2 a3 37. Rb5+ Kc6 38. Rb1 a2 39. Ra1 Ra8 40. Kf3 Kc5 41. Ke2 f6 42. Kd3 e5 43. Ne4+ Kb4 44. Nxf6 exf4 45. gxf4 Kb3 46. Nd5 Kb2 47. Rxa2+ Rxa2 48. Nxb6 Ra3+ 49. Kxd4 Rf3 50. Nd5 Rf1 51. c5 Rd1+ 52. Ke5 Kb3 53. c6 Kc4 54. Nf6 Kb5 55. c7 Rc1 56. Kd6 Kb6 57. Nd5+ Kb7 58. f5 Rc6+ 59. Kd7 Rc5 60. Ke6 Rc6+ 61. Ke5 Rc5 62. f6 1-0

[Event "Titled Tuesday intern op 11th Mar Late"]
[Site "Chess.com INT"]
[Date "2025.03.11"]
[Round "6"]
[White "Meruga, Shanmukha R"]
[Black "Torales G, Ivan Alejandro B"]
[Result "1-0"]
[WhiteElo "1985"]
[BlackElo "2072"]
[PlyCount "71"]
[EventDate "2025.03.11"]
[EventType "swiss (blitz)"]
[EventRounds "11"]
[EventCountry "USA"]
[SourceTitle "CB12_2025"]
[SourceDate "2025.03.19"]
[SourceVersion "1"]
[SourceVersionDate "2025.03.19"]
[SourceQuality "1"]

1. e4 d6 2. d4 Nf6 3. Nc3 g6 4. Nf3 Bg7 5. Bg5 h6 6. Bxf6 Bxf6 7. e5 Bg7 8. Bc4 0-0 9. Qd3 Bf5 10. Qe2 Nc6 11. 0-0-0 Qc8 12. h3 a6 13. g4 Bd7 14. Qe4 Na5 15. Bd3 dxe5 16. Nxe5 Nc6 17. Nd5 Qd8 18. Nxc6 Bxc6 19. Nxe7+ Kh8 20. d5 Re8 21. Nxg6+ fxg6 22. Qxg6 Kg8 23. dxc6 Qd4 24. Qh7+ Kf8 25. Qf5+ Kg8 26. c3 Qa4 27. cxb7 Rab8 28. Rhe1 Qxa2 29. Qh7+ Kf8 30. Rxe8+ Rxe8 31. Qf5+ Kg8 32. Qc8 Qa1+ 33. Bb1 Qa4 34. b8Q Qf4+ 35. Kc2 Qe4+ 36. Kb3 1-0

[Event "Titled Tuesday intern op 04th Feb Late"]
[Site "Chess.com INT"]
[Date "2025.02.04"]
[Round "1"]
[White "Meruga, Shanmukha R"]
[Black "Brodowski, Piotr"]
[Result "0-1"]
[WhiteElo "1985"]
[BlackElo "2460"]
[PlyCount "78"]
[EventDate "2025.02.04"]
[EventType "swiss (blitz)"]
[EventRounds "11"]
[EventCountry "USA"]
[SourceTitle "CB07_2025"]
[SourceDate "2025.02.12"]
[SourceVersion "1"]
[SourceVersionDate "2025.02.12"]
[SourceQuality "1"]

1. e4 g6 2. d4 Bg7 3. f4 d6 4. Nf3 Nf6 5. Bc4 Nxe4 6. 0-0 d5 7. Bd3 0-0 8. Nbd2 Bf5 9. Ne5 Nc6 10. Nxc6 bxc6 11. Nf3 c5 12. dxc5 Nxc5 13. Bxf5 gxf5 14. Nd4 e6 15. Rf3 Ne4 16. Rh3 Qf6 17. Be3 c5 18. Qh5 Qg6 19. Qxg6 hxg6 20. Nf3 Bxb2 21. Rb1 Rab8 22. Ng5 Nxg5 23. fxg5 Bd4 24. Rxb8 Bxe3+ 25. Rxe3 Rxb8 26. Ra3 Rb7 27. Ra5 c4 28. Kf2 Kf8 29. Ke3 Ke7 30. Kd4 Kd6 31. Ra6+ Kc7 32. Ke5 Kb8 33. c3 Rb2 34. Kf6 Rxg2 35. Kxf7 Rxg5 36. Kxe6 f4 37. Kf6 Rg2 38. Rd6 f3 39. Rxd5 f2 0-1

[Event "Titled Tuesday intern op 04th Feb Early"]
[Site "Chess.com INT"]
[Date "2025.02.04"]
[Round "2"]
[White "Meruga, Shanmukha R"]
[Black "Meier, Lukas"]
[Result "0-1"]
[WhiteElo "1985"]
[BlackElo "2173"]
[PlyCount "64"]
[EventDate "2025.02.04"]
[EventType "swiss (blitz)"]
[EventRounds "11"]
[EventCountry "USA"]
[SourceTitle "CB07_2025"]
[SourceDate "2025.02.12"]
[SourceVersion "1"]
[SourceVersionDate "2025.02.12"]
[SourceQuality "1"]

1. d4 d5 2. Nf3 Nc6 3. Bf4 Bg4 4. e3 e6 5. Be2 Bd6 6. Bg3 Nge7 7. Nbd2 0-0 8. c4 Nf5 9. c5 Bxg3 10. hxg3 Re8 11. Nh4 Bxe2 12. Qxe2 Qf6 13. Nxf5 Qxf5 14. f4 Nb4 15. Kf2 Nd3+ 16. Kg1 Qg6 17. Nf3 Nb4 18. a3 Qc2 19. Re1 Qxe2 20. Rxe2 Nc6 21. b4 a6 22. g4 b6 23. g5 Ne7 24. g4 bxc5 25. dxc5 a5 26. Reh2 axb4 27. Rxh7 Kf8 28. axb4 Reb8 29. Ne5 Rxb4 30. Nd7+ Ke8 31. Rh8+ Kxd7 32. Rf8 Ra2 0-1

[Event "Titled Tuesday intern op 14th Jan Early"]
[Site "Chess.com INT"]
[Date "2025.01.14"]
[Round "3"]
[White "Meruga, Shanmukha R"]
[Black "Ishvi, Aggarwal"]
[Result "0-1"]
[WhiteElo "1985"]
[BlackElo "2003"]
[PlyCount "58"]
[EventDate "2025.01.14"]
[EventType "swiss (blitz)"]
[EventRounds "11"]
[EventCountry "USA"]
[SourceTitle "CB04_2025"]
[SourceDate "2025.01.22"]
[SourceVersion "1"]
[SourceVersionDate "2025.01.22"]
[SourceQuality "1"]

1. d4 Nf6 2. Nf3 c5 3. d5 d6 4. c4 e6 5. Nc3 exd5 6. cxd5 g6 7. g3 Bg7 8. Bg2 0-0 9. 0-0 Re8 10. Nd2 a6 11. a4 Nbd7 12. Nc4 Ne5 13. Nxe5 Rxe5 14. Bf4 Re8 15. a5 Bf5 16. Qa4 Rb8 17. e4 Bd7 18. Qc2 Qc7 19. Rfd1 b5 20. axb6 Rxb6 21. Na4 Rb7 22. e5 Nh5 23. exd6 Qd8 24. Nxc5 Rxb2 25. Qc1 Nxf4 26. Qxf4 Be5 27. Qc1 Qf6 28. Nxd7 Qxf2+ 29. Kh1 Qxg2# 0-1

[Event "Titled Tuesday intern op 27th Aug Late"]
[Site "Chess.com INT"]
[Date "2024.08.27"]
[Round "1"]
[White "Golubev, Mikhail"]
[Black "Meruga, Shanmukha R"]
[Result "1/2-1/2"]
[WhiteElo "2461"]
[BlackElo "1998"]
[PlyCount "137"]
[EventDate "2024.08.27"]
[EventType "swiss (blitz)"]
[EventRounds "11"]
[EventCountry "USA"]
[SourceTitle "EXT 2025"]
[Source "ChessBase"]
[SourceDate "2024.10.14"]
[SourceVersion "1"]
[SourceVersionDate "2024.10.14"]
[SourceQuality "1"]

1. e4 d6 2. d4 g6 3. Bg5 Nd7 4. c3 c5 5. Nf3 Bg7 6. Bd3 Qb6 7. Na3 h6 8. Be3 cxd4 9. Nc4 Qc7 10. cxd4 Ngf6 11. Rc1 0-0 12. 0-0 Qb8 13. Qd2 Kh7 14. e5 Nd5 15. Be4 Nxe3 16. Qxe3 dxe5 17. dxe5 Nb6 18. Na5 e6 19. Rfd1 Nd5 20. Bxd5 exd5 21. Rxd5 Be6 22. Rd2 b6 23. Nb3 Rd8 24. Rcd1 Qc7 25. h3 a5 26. Nbd4 Bd5 27. b3 Qc5 28. Ne2 Qc6 29. Nf4 Bxf3 30. Rxd8 Bxd1 31. Rxd1 Re8 32. e6 fxe6 33. Qd3 e5 34. Nd5 e4 35. Qe2 Re5 36. Ne3 Qe6 37. Nc4 Rg5 38. Kh1 Rf5 39. Ne3 Re5 40. Nc4 Rf5 41. Re1 b5 42. Ne3 a4 43. Nxf5 gxf5 44. bxa4 bxa4 45. Qc2 Be5 46. Rd1 Kg6 47. Kg1 a3 48. Rb1 f4 49. Qb3 Qxb3 50. Rxb3 Bb2 51. Rb4 Kf5 52. Kf1 Ke5 53. Ke2 h5 54. Kd1 h4 55. f3 e3 56. Ke2 Bc1 57. Kd3 Kf5 58. Re4 Kg5 59. Kc2 Bd2 60. Kb3 Bc1 61. Kc4 Kf5 62. Kd5 Bd2 63. Re5+ Kf6 64. Re6+ Kf5 65. Re8 Kf6 66. Re6+ Kf5 67. Re4 Kg5 68. Re5+ Kf6 69. Re6+ 1/2-1/2

[Event "Titled Tuesday intern op 27th Aug Early"]
[Site "Chess.com INT"]
[Date "2024.08.27"]
[Round "2"]
[White "Meruga, Shanmukha R"]
[Black "Hobaica, Juan Pablo"]
[Result "0-1"]
[WhiteElo "1998"]
[BlackElo "2409"]
[PlyCount "54"]
[EventDate "2024.08.27"]
[EventType "swiss (blitz)"]
[EventRounds "11"]
[EventCountry "USA"]
[SourceTitle "EXT 2025"]
[Source "ChessBase"]
[SourceDate "2024.10.14"]
[SourceVersion "1"]
[SourceVersionDate "2024.10.14"]
[SourceQuality "1"]

1. d4 Nf6 2. Nf3 e6 3. Bf4 c5 4. c3 b6 5. e3 Bb7 6. Bd3 Be7 7. Nbd2 0-0 8. 0-0 d6 9. a4 cxd4 10. exd4 a6 11. Qe2 Re8 12. Ne4 Nh5 13. Bd2 Nd7 14. a5 b5 15. Rae1 Qxa5 16. c4 b4 17. c5 dxc5 18. Ne5 Nhf6 19. Nc4 Qc7 20. dxc5 Nxc5 21. Bxb4 Ncxe4 22. Bxe7 Rxe7 23. Rc1 Qf4 24. g3 Ng5 25. h4 Nf3+ 26. Kh1 Qg4 27. Nd6 Qh3# 0-1

[Event "Titled Tuesday intern op 27th Aug Late"]
[Site "Chess.com INT"]
[Date "2024.08.27"]
[Round "5"]
[White "Meruga, Shanmukha R"]
[Black "Yagupov, Igor"]
[Result "1/2-1/2"]
[WhiteElo "1998"]
[BlackElo "2239"]
[PlyCount "76"]
[EventDate "2024.08.27"]
[EventType "swiss (blitz)"]
[EventRounds "11"]
[EventCountry "USA"]
[SourceTitle "EXT 2025"]
[Source "ChessBase"]
[SourceDate "2024.10.14"]
[SourceVersion "1"]
[SourceVersionDate "2024.10.14"]
[SourceQuality "1"]

1. Nf3 d5 2. d4 Nf6 3. c4 e6 4. cxd5 exd5 5. Nc3 c6 6. Bg5 Bf5 7. e3 Nbd7 8. Bd3 Bxd3 9. Qxd3 Be7 10. 0-0 0-0 11. Rac1 Re8 12. Ne5 Nxe5 13. dxe5 Nd7 14. Bxe7 Qxe7 15. f4 f6 16. exf6 Nxf6 17. Rce1 Ne4 18. Nxe4 Qxe4 19. Qxe4 Rxe4 20. Kf2 Rae8 21. b3 a5 22. Re2 d4 23. Rfe1 dxe3+ 24. Kf3 Kf7 25. Rxe3 Rxe3+ 26. Rxe3 Rd8 27. Re2 Rd3+ 28. Ke4 Rd1 29. g4 Ke6 30. h4 c5 31. f5+ Kd6 32. g5 Rd4+ 33. Kf3 Rxh4 34. Re6+ Kd7 35. Rb6 Kc7 36. Re6 Kd7 37. Rb6 Kc7 38. Re6 Kd7 1/2-1/2

[Event "Titled Tuesday intern op 20th Aug Early"]
[Site "Chess.com INT"]
[Date "2024.08.20"]
[Round "4"]
[White "Meruga, Shanmukha R"]
[Black "Perossa, Nicolas"]
[Result "1-0"]
[WhiteElo "1998"]
[BlackElo "2187"]
[PlyCount "95"]
[EventDate "2024.08.20"]
[EventType "swiss (blitz)"]
[EventRounds "11"]
[EventCountry "USA"]
[SourceTitle "EXT 2025"]
[Source "ChessBase"]
[SourceDate "2024.10.14"]
[SourceVersion "1"]
[SourceVersionDate "2024.10.14"]
[SourceQuality "1"]

1. e4 d6 2. d4 Nf6 3. Nc3 g6 4. f4 Bg7 5. Nf3 0-0 6. Bc4 a6 7. Bb3 b5 8. a3 Bb7 9. Qe2 c5 10. dxc5 dxc5 11. e5 Nd5 12. Bxd5 Bxd5 13. Nxd5 Qxd5 14. Be3 Nc6 15. Rd1 Qa2 16. c3 c4 17. Nd4 Nxd4 18. Bxd4 Qb3 19. 0-0 e6 20. g4 Rfd8 21. Rd2 Rd5 22. Rfd1 Rad8 23. h3 Bf8 24. Kg2 a5 25. Be3 b4 26. axb4 axb4 27. Rxd5 Rxd5 28. Rxd5 exd5 29. Bd4 bxc3 30. bxc3 Qb7 31. f5 Qe7 32. Kf3 gxf5 33. gxf5 Qg5 34. Qg2 Qxg2+ 35. Kxg2 Bh6 36. Kf3 Kf8 37. f6 Ke8 38. Kg4 Bf8 39. Kf5 Kd7 40. h4 Kc6 41. e6 fxe6+ 42. Kxe6 h5 43. Kf7 Bc5 44. Bxc5 Kxc5 45. Kg6 d4 46. f7 dxc3 47. f8Q+ Kd4 48. Qf5 1-0

[Event "Titled Tuesday intern op 13th Aug Late"]
[Site "Chess.com INT"]
[Date "2024.08.13"]
[Round "8"]
[White "Lopez Paniagua, Mario Yber"]
[Black "Meruga, Shanmukha R"]
[Result "1-0"]
[WhiteElo "2163"]
[BlackElo "1998"]
[PlyCount "59"]
[EventDate "2024.08.13"]
[EventType "swiss (blitz)"]
[EventRounds "11"]
[EventCountry "USA"]
[SourceTitle "EXT 2025"]
[Source "ChessBase"]
[SourceDate "2024.10.14"]
[SourceVersion "1"]
[SourceVersionDate "2024.10.14"]
[SourceQuality "1"]

1. e4 c5 2. Nf3 e6 3. d4 cxd4 4. Nxd4 a6 5. Bd3 Qc7 6. 0-0 Nc6 7. Ne2 Nf6 8. Bg5 Be7 9. Bh4 0-0 10. Bg3 d6 11. c4 b6 12. Nd2 Bb7 13. Rc1 Rac8 14. Kh1 Rfd8 15. Bb1 Nd7 16. f4 Nf8 17. Nf3 b5 18. cxb5 axb5 19. Qd3 Ba6 20. Nfd4 Qb7 21. Nxc6 Rxc6 22. Rxc6 Qxc6 23. Rc1 Qb7 24. Qe3 b4 25. Nd4 d5 26. e5 Rc8 27. Rxc8 Qxc8 28. f5 Bc5 29. f6 g6 30. Qh6 1-0

[Event "Titled Tuesday intern op 13th Aug Early"]
[Site "Chess.com INT"]
[Date "2024.08.13"]
[Round "7"]
[White "Meruga, Shanmukha R"]
[Black "Winkels, Marcel"]
[Result "1-0"]
[WhiteElo "1998"]
[BlackElo "1924"]
[PlyCount "93"]
[EventDate "2024.08.13"]
[EventType "swiss (blitz)"]
[EventRounds "11"]
[EventCountry "USA"]
[SourceTitle "EXT 2025"]
[Source "ChessBase"]
[SourceDate "2024.10.14"]
[SourceVersion "1"]
[SourceVersionDate "2024.10.14"]
[SourceQuality "1"]

1. e4 c5 2. Nf3 d6 3. d4 cxd4 4. Qxd4 a6 5. c4 Nc6 6. Qe3 g6 7. Nc3 Bh6 8. Qd3 Bxc1 9. Rxc1 Nf6 10. Be2 0-0 11. 0-0 Bd7 12. Rfd1 Rc8 13. b3 Qa5 14. Qd2 Nb4 15. Nd5 Nfxd5 16. exd5 Qa3 17. Qe3 Rfe8 18. Qh6 Qb2 19. Ng5 Qg7 20. Qxg7+ Kxg7 21. a3 h6 22. axb4 hxg5 23. c5 f5 24. Bf3 Bb5 25. c6 bxc6 26. dxc6 Kf6 27. c7 g4 28. Bb7 Ke6 29. Bxc8+ Rxc8 30. f4 Kd7 31. Re1 Bc6 32. g3 Rxc7 33. Kf2 Be4 34. Rxc7+ Kxc7 35. Ra1 Kb6 36. Ke3 Kb5 37. Kd4 e6 38. Ra5+ Kxb4 39. Rxa6 Bd5 40. Rxd6 Kxb3 41. Ke5 Bc4 42. Kf6 Kc3 43. Kxg6 Bb3 44. Kf6 Ba2 45. Rxe6 Bb1 46. Re5 Kd4 47. Rxf5 1-0

[Event "Titled Tuesday intern op 06th Aug Early"]
[Site "Chess.com INT"]
[Date "2024.08.06"]
[Round "8"]
[White "Hertlein, Irena"]
[Black "Meruga, Shanmukha R"]
[Result "1-0"]
[WhiteElo "2000"]
[BlackElo "1998"]
[PlyCount "33"]
[EventDate "2024.08.06"]
[EventType "swiss (blitz)"]
[EventRounds "11"]
[EventCountry "USA"]
[SourceTitle "EXT 2025"]
[Source "ChessBase"]
[SourceDate "2024.10.14"]
[SourceVersion "1"]
[SourceVersionDate "2024.10.14"]
[SourceQuality "1"]

1. e4 e5 2. Nf3 Nc6 3. Bb5 a6 4. Ba4 Nf6 5. 0-0 b5 6. Bb3 Bc5 7. d3 d6 8. a4 Bb7 9. Nc3 b4 10. Ne2 0-0 11. a5 h6 12. Ng3 Ne7 13. Be3 Bxe3 14. fxe3 Ng6 15. Nf5 Ne7 16. N3h4 Ned5 17. exd5 1-0

[Event "Titled Tuesday intern op 06th Aug Late"]
[Site "Chess.com INT"]
[Date "2024.08.06"]
[Round "10"]
[White "Meruga, Shanmukha R"]
[Black "Warchol, Kamil"]
[Result "0-1"]
[WhiteElo "1998"]
[BlackElo "2191"]
[PlyCount "76"]
[EventDate "2024.08.06"]
[EventType "swiss (blitz)"]
[EventRounds "11"]
[EventCountry "USA"]
[SourceTitle "EXT 2025"]
[Source "ChessBase"]
[SourceDate "2024.10.14"]
[SourceVersion "1"]
[SourceVersionDate "2024.10.14"]
[SourceQuality "1"]

1. d4 Nf6 2. c4 e6 3. Nf3 d5 4. Nc3 dxc4 5. Qa4+ c6 6. Qxc4 b5 7. Qd3 a6 8. Bf4 c5 9. e3 Bb7 10. dxc5 Qxd3 11. Bxd3 Bxc5 12. Rc1 Nbd7 13. a3 Ke7 14. Ke2 Rac8 15. Ne5 Nxe5 16. Bxe5 h6 17. f3 Rhd8 18. Bxf6+ gxf6 19. Be4 Bxe4 20. Nxe4 Bb6 21. Rxc8 Rxc8 22. Rd1 f5 23. Nc3 h5 24. Rd2 h4 25. h3 Rg8 26. Kd1 Bxe3 27. Re2 Bd4 28. Kc2 Kf6 29. Rd2 Ke5 30. Re2+ Kf4 31. Rd2 Bxc3 32. Kxc3 Kg3 33. Rd6 Kxg2 34. Rxa6 Kxh3 35. Ra7 Kg2 36. Rxf7 h3 37. Rh7 h2 38. f4 Rg3+ 0-1

[Event "Titled Tuesday intern op 06th Aug Late"]
[Site "Chess.com INT"]
[Date "2024.08.06"]
[Round "3"]
[White "Meruga, Shanmukha R"]
[Black "Yurovskich, Oleksandr"]
[Result "0-1"]
[WhiteElo "1998"]
[BlackElo "2328"]
[PlyCount "160"]
[EventDate "2024.08.06"]
[EventType "swiss (blitz)"]
[EventRounds "11"]
[EventCountry "USA"]
[SourceTitle "EXT 2025"]
[Source "ChessBase"]
[SourceDate "2024.10.14"]
[SourceVersion "1"]
[SourceVersionDate "2024.10.14"]
[SourceQuality "1"]

1. e4 c6 2. d4 d5 3. e5 Bf5 4. h4 h5 5. Bd3 Bxd3 6. Qxd3 Qa5+ 7. Nd2 e6 8. Ne2 Qa6 9. Qxa6 Nxa6 10. c3 c5 11. f4 Ne7 12. Nf3 Nf5 13. Kf2 Rc8 14. Ng3 Nxg3 15. Kxg3 g6 16. Be3 cxd4 17. Bxd4 Nc5 18. Bxc5 Bxc5 19. a4 Ke7 20. Rhd1 a6 21. Nd4 Ba7 22. Kf3 Rc4 23. Ke3 Rhc8 24. Ra3 f6 25. exf6+ Kxf6 26. a5 R8c7 27. Rb3 Bc5 28. Re1 Bxd4+ 29. cxd4 Ra4 30. Rb6 Rxa5 31. Kd3 Re7 32. g3 Rb5 33. Rxb5 axb5 34. Rc1 b6 35. Rc6 Rb7 36. Ke3 b4 37. b3 Kf5 38. Kf3 b5 39. Rc8 Kf6 40. Rf8+ Ke7 41. Rg8 Rb6 42. Rxg6 Rc6 43. f5 Rc3+ 44. Kf4 exf5 45. Rb6 Rd3 46. Rxb5 Rxd4+ 47. Kxf5 Kd6 48. Rb6+ Kc5 49. Rh6 Rd3 50. Kf4 Rxb3 51. Rxh5 Rd3 52. Rh8 b3 53. Rb8 Kc4 54. h5 Rd2 55. h6 Rh2 56. Kg5 Kc3 57. g4 b2 58. Kg6 d4 59. g5 d3 60. Kg7 d2 61. Rc8+ Kb3 62. Rb8+ Kc2 63. Rc8+ Kb1 64. Rd8 Kc1 65. Rc8+ Kd1 66. Rb8 Ke1 67. Rxb2 d1Q 68. Rxh2 Qd7+ 69. Kh8 Qc8+ 70. Kh7 Qc7+ 71. Kg8 Qxh2 72. h7 Qb8+ 73. Kg7 Qc7+ 74. Kh6 Qh2+ 75. Kg7 Qe5+ 76. Kh6 Qh8 77. g6 Qf6 78. Kh5 Qg7 79. Kg5 Ke2 80. Kf5 Ke3 0-1

[Event "Titled Tuesday intern op 06th Aug Late"]
[Site "Chess.com INT"]
[Date "2024.08.06"]
[Round "4"]
[White "Porat, Tori"]
[Black "Meruga, Shanmukha R"]
[Result "1-0"]
[WhiteElo "1854"]
[BlackElo "1998"]
[PlyCount "47"]
[EventDate "2024.08.06"]
[EventType "swiss (blitz)"]
[EventRounds "11"]
[EventCountry "USA"]
[SourceTitle "EXT 2025"]
[Source "ChessBase"]
[SourceDate "2024.10.14"]
[SourceVersion "1"]
[SourceVersionDate "2024.10.14"]
[SourceQuality "1"]

1. d4 d5 2. c4 Nf6 3. Nc3 c6 4. Nf3 e6 5. Bg5 Nbd7 6. e3 Qa5 7. cxd5 Nxd5 8. Qb3 Bb4 9. Rc1 0-0 10. Bd3 h6 11. Bh4 c5 12. 0-0 cxd4 13. exd4 N7b6 14. Bg3 Bd7 15. Bb1 Bc6 16. Qc2 g6 17. Ne5 Rac8 18. Nxg6 f5 19. Nxf8 Rxf8 20. Qe2 Nxc3 21. bxc3 Bxc3 22. Qxe6+ Kg7 23. Be5+ Kh7 24. Bxf5+ 1-0

[Event "Titled Tuesday intern op 29th Dec"]
[Site "Chess.com INT"]
[Date "2020.12.29"]
[Round "6"]
[White "Gasanov, Eldar"]
[Black "Meruga, Shanmukha R"]
[Result "1-0"]
[WhiteElo "2481"]
[BlackElo "1982"]
[PlyCount "111"]
[EventDate "2020.12.29"]
[EventType "swiss (blitz)"]
[EventRounds "11"]
[EventCountry "USA"]
[SourceTitle "CBM 200 Extra"]
[Source "ChessBase"]
[SourceDate "2021.03.31"]
[SourceVersion "1"]
[SourceVersionDate "2021.03.31"]
[SourceQuality "1"]

1. d4 Nf6 2. Nf3 e6 3. c4 Bb4+ 4. Nc3 d5 5. Qa4+ Nc6 6. e3 0-0 7. Bd2 a5 8. Rd1 Ne7 9. Qc2 b6 10. cxd5 exd5 11. a3 Bd6 12. Nb5 Bf5 13. Bd3 Bxd3 14. Qxd3 c5 15. dxc5 bxc5 16. Bc3 Ne4 17. Nxd6 Qxd6 18. Qxe4 Qc7 19. Qg4 f6 20. 0-0 Qc6 21. Rd2 a4 22. Rfd1 Ra6 23. h4 Qe6 24. Qxe6+ Rxe6 25. Ne1 Rd8 26. Nd3 Rc6 27. Nf4 Rcd6 28. h5 Kf7 29. f3 g6 30. hxg6+ hxg6 31. Kf2 g5 32. Ne2 Rh8 33. Ng3 Kg6 34. Ne4 Rc6 35. Ng3 Re6 36. Rc2 Rc6 37. Be1 Rb8 38. Rdc1 Rcb6 39. Rxc5 Rxb2+ 40. R1c2 Rxc2+ 41. Rxc2 Rb6 42. Bb4 Nc6 43. Bc5 Rb3 44. Rd2 Ne5 45. Rxd5 Nd3+ 46. Kg1 Nxc5 47. Rxc5 Rxa3 48. Nf5 Rb3 49. e4 Kf7 50. Rc7+ Ke8 51. Ra7 a3 52. Nd6+ Kd8 53. Nc4 g4 54. Rxa3 Rb4 55. Ne3 gxf3 56. gxf3 1-0